000 00501nam a2200133 a 4500
008 120416s1968 ||||||||||||||||| || u
050 _aDS 485.B493 Bos
100 _aBose, Subodh Chandra
245 1 0 _aGeography of West Bengal
260 _aNew Delhi
_bNational Book Trust
_c1968
300 _a185p. : ill.
350 _a0.00
995 _D0.00
_FCBU-MAIN LIBRARY (Kitwe)
_H1
_I0.00
_M1
_UAVAILABLE
_WJul 21, 2006
_ZMain Library Open Access Collection
999 _c44480
_d44480